000 00318nam a22001457a 4500
008 230613b ||||| |||| 00| 0 eng d
020 _a9789813083592
041 _aeng
080 _a51
082 _a51CHA
100 _a22
101 _aMATE
245 _aTHE LIMITS OF MATHEMATICS
_cCHAITIN.J.G
942 _2udc
_cBK
999 _c59958
_d59958